|
|
|
|
| LEADER |
01806cam a2200505 i 4500 |
| 001 |
nkc20172919750 |
| 003 |
CZ PrNK |
| 005 |
20240723082955.0 |
| 007 |
ta |
| 008 |
170721s2017 xr abe e f 001 0 cze d |
| 015 |
|
|
|a cnb002919750
|
| 020 |
|
|
|a 978-80-256-1949-0
|q (brožováno)
|
| 035 |
|
|
|a (OCoLC)1035471667
|
| 040 |
|
|
|a ULG001
|b cze
|d BOA001
|e rda
|
| 041 |
1 |
|
|a cze
|h eng
|
| 043 |
|
|
|a e-uk-st
|
| 072 |
|
7 |
|a 913(4)
|x Geografie Evropy, reálie, cestování
|2 Konspekt
|9 7
|
| 080 |
|
|
|a 913(410.5)
|2 MRF
|
| 080 |
|
|
|a (036)913
|2 MRF
|
| 100 |
1 |
|
|a Wilson, Neil,
|d 1959-
|7 mzk2005289996
|4 aut
|
| 240 |
1 |
0 |
|a Scotland.
|l Česky
|
| 245 |
1 |
0 |
|a Skotsko /
|c toto vydání připravili Neil Wilson, Andy Symington ; překlad: Tereza Horvátová
|
| 250 |
|
|
|a První české vydání
|
| 264 |
|
1 |
|a Praha :
|b Svojtka & Co.,
|c 2017
|
| 300 |
|
|
|a 479 stran :
|b barevné ilustrace, mapy, plány ;
|c 20 cm
|
| 336 |
|
|
|a text
|b txt
|2 rdacontent
|
| 337 |
|
|
|a bez média
|b n
|2 rdamedia
|
| 338 |
|
|
|a svazek
|b nc
|2 rdacarrier
|
| 490 |
1 |
|
|a Lonely Planet
|
| 500 |
|
|
|a Přeloženo z angličtiny
|
| 500 |
|
|
|a Obsahuje rejstřík
|
| 651 |
|
7 |
|a Skotsko
|7 ge130825
|2 czenas
|
| 651 |
|
9 |
|a Scotland
|2 eczenas
|
| 655 |
|
7 |
|a turistické průvodce
|7 fd133738
|2 czenas
|
| 655 |
|
9 |
|a tourist guidebooks
|2 eczenas
|
| 700 |
1 |
|
|a Symington, Andy
|7 pag2007388132
|4 aut
|
| 700 |
1 |
|
|a Horvátová, Tereza
|7 xx0101605
|4 trl
|
| 830 |
|
0 |
|a Lonely Planet (Svojtka & Co.)
|0 s
|
| 910 |
2 |
|
|a BOA001
|b 1-1400.742
|
| 920 |
|
|
|a KN3148000001231516
|z ULG001
|
| 990 |
|
|
|a BK
|
| 995 |
|
|
|a 01
|
| 991 |
|
|
|b 201804
|c NOV
|
| 996 |
6 |
|
|b 2610739741
|c 1-1400.742
|l MZK
|r Sklad / do 1 hodiny
|n 0
|p p.v.
|w 001658815
|u 000010
|a 1
|e BOA001
|j MZK50
|s P
|
| 996 |
7 |
|
|b 2610740677
|c 1-1400.742
|l Vol.výběr
|r VV 1p
|n 20
|p kup
|h 913(4) PRU VEL
|w 001658815
|u 000020
|a 0
|e BOA001
|j MZK50
|s A
|